| 000 | 00611nam a22001937a 4500 | ||
|---|---|---|---|
| 005 | 20250214124153.0 | ||
| 010 | _aENG-143801 | ||
| 020 |
_a9789391706043 _c125.00 |
||
| 035 | _aEN-127333 | ||
| 037 | _bDBAD | ||
| 082 | _a181.499 | ||
| 100 |
_aAdipurushananda _977587 |
||
| 245 |
_aSwami Vivekananda in Delhi: _bA Picture of a Ground Reality/ _cBy Adipurushananda |
||
| 250 | _a1 | ||
| 260 |
_aKolkata _bRamakrishna Mission Institure of Culture _c2021 |
||
| 270 |
_aRamakrishna Mission Institure of Culture _bKolkata _e700023 |
||
| 300 |
_a82p. _c22cm(hb) |
||
| 942 |
_2ddc _cEN _h181.499 _kADI |
||
| 999 |
_c209047 _d209047 |
||